Messen und Regeln in der Heizungs-, Lüftungs- und Sanitärtechnik.

Uložené v:
Podrobná bibliografia
Hlavný autor: Duemmel, Ulrich
Médium: Kniha
Jazyk:Slovak
Vydané: 1966.
Tagy: Pridať tag
Žiadne tagy, Buďte prvý kto otaguje tento záznam!

MARC

LEADER 00000nam a22000004a 4500
001 000525945
005 20161031134316.0
008 161031s1966 xo e 000 0 slo d
040 |a SVKKK  |b slo  |c SVKKK  |e AACR2 
100 1 |a Duemmel, Ulrich 
245 1 0 |a Messen und Regeln in der Heizungs-, Lüftungs- und Sanitärtechnik. 
260 |c 1966. 
500 |a Záznam revízie 
910 |a svkkk 
998 |a BK 
090 |g SCKHL  |k Sklad  |a X0.6271  |j 027769  |i 525945-10  |4 Zastaraná  |s Vyradená